[Event "34th Chess Olympiad (men)"]
[Site "Istanbul"]
[Date "2000.11.05"]
[Round "8.18.1"]
[White "Wu, Shaobin"]
[Black "Papaioannou, Ioannis"]
[WhiteElo "2523"]
[BlackElo "2578"]
[WhiteCountry "SIN"]
[BlackCountry "GRE"]
[Result "1/2-1/2"]

1. d4 Nf6 2. c4 e6 3. Nf3 c5 4. d5 exd5 5. cxd5 d6 6. Nc3 g6 7. e4 Bg7 
8. h3 O-O 9. Bd3 b5 10. Bxb5 Nxe4 11. Nxe4 Qa5+ 12. Nfd2 Qxb5 13. Nxd6 Qa6 
14. N2c4 Rd8 15. Bf4 Nd7 16. O-O Nb6 17. Nxb6 axb6 18. Nxc8 Qxc8 19. d6 Qf5 
20. Bg3 Bxb2 21. Rb1 Bd4 22. Rxb6 Rxa2 23. Qb1 Qxb1 
1/2-1/2

[Event "34th Chess Olympiad (men)"]
[Site "Istanbul"]
[Date "2000.11.05"]
[Round "8.18.2"]
[White "Miladinovic, Igor"]
[Black "Wong, Meng-Kong"]
[WhiteElo "2563"]
[BlackElo "2507"]
[WhiteCountry "GRE"]
[BlackCountry "SIN"]
[Result "0-1"]

1. d4 Nf6 2. Bg5 d5 3. e3 e6 4. c4 Be7 5. Nc3 h6 6. Bh4 O-O 7. Nf3 b6 
8. Qc2 Bb7 9. Rd1 Nbd7 10. cxd5 Nxd5 11. Bg3 Nxc3 12. bxc3 Bd6 13. Bd3 Qe7 
14. Bh7+ Kh8 15. Be4 c6 16. Nd2 Bxg3 17. hxg3 Nf6 18. Bf3 c5 19. O-O Rfc8 
20. Qd3 Rc7 21. Bxb7 Rxb7 22. Nc4 cxd4 23. cxd4 Rc8 24. Ne5 Nd7 25. Nf3 Rbc7 
26. g4 g6 27. e4 Rc3 28. Qb5 Kg7 29. Rfe1 Nf6 30. g5 hxg5 31. Qxg5 Rh8 
32. d5 Rh5 33. Qf4 e5 34. Qd2 Rc8 35. d6 Qe6 36. Re3 Rch8 37. Kf1 Rh1+ 
38. Ng1 Qg4 39. f3 Qf4 40. Ree1 Qh2 41. Kf2 Qh4+ 42. Ke3 Rd8 43. Nh3 Rxd6 
44. Rxh1 Qh6+ 45. Ke2 Rxd2+ 46. Rxd2 Nh5 47. Rhd1 Ng3+ 48. Kf2 Qh4 49. Kg1 a5 
50. Rc2 Qe7 51. Kh2 Nh5 52. Rb1 Qe6 53. a4 Nf6 54. Rc7 Qd6 55. Rb7 Nd7 
56. Rb5 Qc6 57. Ra7 Kf6 58. Rd5 Nc5 59. Nf2 Ke6 60. Ng4 f6 61. Rg7 Qe8 
62. Rh7 Qxa4 63. Rd8 Nxe4 64. fxe4 Qxe4 65. Re8+ Kd6 66. Nf2 Qf4+ 67. Kg1 f5 
68. Nd3 Qe3+ 69. Kh2 e4 70. Rd8+ Kc6 71. Ne5+ Kb5 72. Rd5+ Ka4 73. Nxg6 f4 
74. Rh3 f3 75. Re5 b5 76. Rxf3 Qh6+ 77. Rh3 Qxg6 78. Rh4 b4 79. Rhxe4 Qh6+ 
80. Kg1 Qb6+ 81. Kf1 Ka3 82. Re1 a4 83. R5e2 Qf6+ 84. Rf2 Qd4 85. Ke2 b3 
86. Rd1 Qe4+ 87. Kd2 Kb2 88. Re2 Qc2+ 89. Ke1 a3 90. g4 a2 91. g5 a1=Q 
0-1

[Event "34th Chess Olympiad (men)"]
[Site "Istanbul"]
[Date "2000.11.05"]
[Round "8.18.3"]
[White "Chan, Peng-Kong"]
[Black "Banikas, Hristos"]
[WhiteElo "2395"]
[BlackElo "2542"]
[WhiteCountry "SIN"]
[BlackCountry "GRE"]
[Result "0-1"]

1. d4 Nf6 2. Nf3 g6 3. c4 Bg7 4. Nc3 O-O 5. e4 d6 6. Be2 e5 7. O-O Nc6 
8. d5 Ne7 9. b4 a5 10. Ba3 Nh5 11. g3 f5 12. Nd2 Nf6 13. bxa5 c5 14. dxc6 bxc6 
15. Bf3 Rxa5 16. Bb4 Ra6 17. a4 Bh6 18. Qc2 c5 19. Ba3 Nc6 20. Nb3 Kh8 
21. Bg2 Nd4 22. Nxd4 exd4 23. Nb5 fxe4 24. Bxe4 Nxe4 25. Qxe4 Qd7 26. Rfe1 Qf7 
27. f4 Qxc4 28. Nxd6 Rxd6 29. Qe5+ Rdf6 30. Bxc5 Bg7 31. Qxd4 Qxd4+ 
32. Bxd4 R6f7 33. Bc5 Bxa1 
0-1

[Event "34th Chess Olympiad (men)"]
[Site "Istanbul"]
[Date "2000.11.05"]
[Round "8.18.4"]
[White "Mastrovasilis, Dimitrios"]
[Black "Ong, Chong-Ghee"]
[WhiteElo "2386"]
[BlackElo "2342"]
[WhiteCountry "GRE"]
[BlackCountry "SIN"]
[Result "1-0"]

1. e4 d6 2. d4 Nf6 3. Nc3 g6 4. Bg5 Nbd7 5. f4 h6 6. Bxf6 Nxf6 7. e5 Ng8 
8. Bd3 c6 9. Nf3 d5 10. h3 Qb6 11. Na4 Qa5+ 12. c3 Bf5 13. Bxf5 gxf5 
14. e6 O-O-O 15. Ne5 Rd6 16. exf7 Nf6 17. Ng6 Re6+ 18. Kf1 Ng4 19. hxg4 Rxg6 
20. gxf5 Rf6 21. Nc5 e6 22. Nxe6 Rxf7 23. Rh5 Rg8 24. Qd3 Rf6 25. a4 b5 
26. b4 Qb6 27. axb5 cxb5 28. Qf3 Qb7 29. Re1 Bd6 30. Re5 Bxe5 31. dxe5 Rf7 
32. f6 Qa6 33. Nd4 Qa1+ 34. Kf2 Qb2+ 35. Kg1 Rd8 36. Nxb5 a5 37. Nd6+ Rxd6 
38. exd6 a4 39. Rxd5 Ra7 40. Qg4+ Kb8 41. Rb5+ Rb7 42. Qg8+ Ka7 43. Ra5+ Kb6 
44. Qd8+ Kc6 45. Rc5# 
1-0

[Event "34th Chess Olympiad (men)"]
[Site "Istanbul"]
[Date "2000.11.05"]
[Round "8.19.1"]
[White "Bauer, Christian"]
[Black "Arduman, Can"]
[WhiteElo "2562"]
[BlackElo "2397"]
[WhiteCountry "FRA"]
[BlackCountry "TURA"]
[Result "1-0"]

1. e4 c5 2. Nf3 Nc6 3. Bb5 d6 4. O-O Bd7 5. Re1 Nf6 6. c3 a6 7. Bf1 Bg4 
8. h3 Bxf3 9. Qxf3 g6 10. Na3 Bh6 11. Nc2 Qb6 12. Qg3 O-O 13. Qh4 Bg7 
14. d3 Rab8 15. Rb1 Qa5 16. a3 b5 17. Bg5 Rfe8 18. Ne3 Qb6 19. f4 c4 
20. Kh1 cxd3 21. Bxd3 Qc5 22. Rbd1 Nh5 23. Nf5 f6 24. Bh6 Bxh6 25. Nxh6+ Kg7 
26. Nf5+ Kh8 27. Bb1 Rf8 28. Ba2 Rbe8 29. Rd5 Qa7 30. Nh6 Nd8 31. f5 e6 
32. fxe6 Nxe6 33. Rxd6 Ng5 34. Rd4 Qc7 35. Kg1 Re7 36. Ng4 Qb6 37. Qf2 Ne6 
38. Rd2 Qxf2+ 39. Nxf2 Nc5 40. Rd5 Na4 41. Nd3 Rfe8 42. Kf2 Nb6 43. Rd4 Nd7 
44. g4 Ng7 45. Rd6 a5 46. Bd5 Rb8 47. Re3 Ne8 48. Rc6 Nb6 49. Nf4 Nc4 
50. Re2 Ne5 51. Ra6 a4 52. Rd2 Rd7 53. Ke2 Kg7 54. Ba2 Rxd2+ 55. Kxd2 Rd8+ 
56. Ke2 Kh6 57. Ne6 Rd7 58. Rb6 Rd3 59. h4 Rg3 60. g5+ fxg5 61. hxg5+ Kh5 
62. Rxb5 Nd3 63. Bc4 Nxb2 64. Kf2 Rxc3 65. Be2+ Kh4 66. Rxb2 Nd6 67. Rb4 
1-0

[Event "34th Chess Olympiad (men)"]
[Site "Istanbul"]
[Date "2000.11.05"]
[Round "8.19.2"]
[White "Soylu, Suat"]
[Black "Hauchard, Arnaud"]
[WhiteElo "2345"]
[BlackElo "2539"]
[WhiteCountry "TURA"]
[BlackCountry "FRA"]
[Result "0-1"]

1. e4 c5 2. Nf3 d6 3. d4 cxd4 4. Nxd4 Nf6 5. Nc3 a6 6. Bg5 e6 7. Qd3 b5 
8. O-O-O b4 9. Nb1 Nbd7 10. f4 Nc5 11. Qc4 Ncxe4 12. Bxf6 Nxf6 13. Qxb4 d5 
14. Qe1 Bd6 15. g3 O-O 16. Bd3 Qb6 17. Nb3 a5 18. Qg1 Qb8 19. a4 Bd7 
20. Nc3 Rc8 21. Nb5 Bf8 22. Kb1 Ne8 23. Qe1 Nd6 24. N3d4 Nc4 25. b3 Bb4 
26. Qe2 Nd6 27. Nxd6 Qxd6 28. Nb5 Qe7 29. Rhf1 Qf6 30. Qe3 g6 31. Qd4 Qe7 
32. Qb2 Rab8 33. g4 Bxb5 34. Bxb5 Bc3 35. Qc1 Bg7 36. Rf3 Qf6 37. Ka2 Rc5 
38. g5 Qd8 39. c4 Qc7 40. Rfd3 h5 41. f5 dxc4 42. Bxc4 Rxf5 43. Qe3 Qxh2+ 
44. R3d2 Qe5 
0-1

[Event "34th Chess Olympiad (men)"]
[Site "Istanbul"]
[Date "2000.11.05"]
[Round "8.19.3"]
[White "Fressinet, Laurent"]
[Black "Gurcan, Selim"]
[WhiteElo "2536"]
[BlackElo "2295"]
[WhiteCountry "FRA"]
[BlackCountry "TURA"]
[Result "1-0"]

1. e4 c5 2. Nc3 a6 3. Nf3 e6 4. d4 cxd4 5. Nxd4 d6 6. f4 Nf6 7. Qf3 Qb6 
8. Nb3 Qc7 9. Bd3 g6 10. g4 Bg7 11. Bd2 b5 12. O-O-O Nc6 13. Kb1 Bb7 14. g5 Nd7 
15. h4 b4 16. Na4 Nb6 17. Nxb6 Qxb6 18. Be3 Qc7 19. Qf2 O-O 20. h5 a5 
21. Bb6 Qe7 22. Qh4 Bh8 23. e5 Nxe5 24. fxe5 Bxh1 25. exd6 Qxd6 26. Rxh1 Qe7 
27. Bc5 Qc7 28. hxg6 fxg6 29. Bxg6 Rf1+ 30. Rxf1 hxg6 31. Qe4 
1-0

[Event "34th Chess Olympiad (men)"]
[Site "Istanbul"]
[Date "2000.11.05"]
[Round "8.19.4"]
[White "Karadeniz, Emre"]
[Black "Apicella, Manuel"]
[WhiteElo "2278"]
[BlackElo "2506"]
[WhiteCountry "TURA"]
[BlackCountry "FRA"]
[Result "0-1"]

1. d4 d5 2. Bg5 Bf5 3. c4 h6 4. Bh4 Be4 5. Nd2 Bc2 6. Nb1 Bxb1 7. Rxb1 c6 
8. Qa4 Nf6 9. Nf3 e6 10. c5 Nbd7 11. b4 g5 12. Bg3 Ne4 13. Qc2 h5 14. e3 h4 
15. Be5 f6 16. Bd6 Bxd6 17. cxd6 Nxd6 18. Bd3 g4 19. Nd2 f5 20. Ke2 Rc8 
21. h3 Qg5 22. Rhg1 Ke7 23. f4 Qh5 24. Kf2 Nf6 25. Qd1 Rhg8 26. Qe2 Rg7 
27. Rbe1 Rcg8 28. Qd1 Rg6 29. a3 Qh6 
0-1

[Event "34th Chess Olympiad (men)"]
[Site "Istanbul"]
[Date "2000.11.05"]
[Round "8.20.1"]
[White "Svetushkin, Dmitry"]
[Black "Gunawan, Ruben"]
[WhiteElo "2472"]
[BlackElo "2503"]
[WhiteCountry "MDA"]
[BlackCountry "INA"]
[Result "1-0"]

1. e4 c5 2. Nf3 e6 3. d4 cxd4 4. Nxd4 a6 5. Bd3 Qc7 6. O-O Nf6 7. Qe2 d6 
8. c4 g6 9. Nc3 Bg7 10. Rd1 O-O 11. Nf3 Nbd7 12. h3 b6 13. Bf4 Bb7 14. Rac1 Ne5 
15. Be3 Rac8 16. Nxe5 dxe5 17. Na4 Bxe4 18. Nxb6 Rcd8 19. Bxe4 Nxe4 20. c5 f5 
21. c6 Rxd1+ 22. Qxd1 f4 23. Qd7 Rf7 24. Qe8+ Bf8 25. Na8 Qd6 26. c7 fxe3 
27. fxe3 Rf2 28. Qd8 Rd2 29. Qxd6 Nxd6 30. Nb6 Bh6 31. Nc4 Bxe3+ 32. Kh1 Nc8 
33. Nxd2 Kf7 34. Rd1 Ke7 35. Nf3 
1-0

[Event "34th Chess Olympiad (men)"]
[Site "Istanbul"]
[Date "2000.11.05"]
[Round "8.20.2"]
[White "Juswanto, Denny"]
[Black "Sanduleac, Vasile"]
[WhiteElo "2483"]
[BlackElo "2438"]
[WhiteCountry "INA"]
[BlackCountry "MDA"]
[Result "1-0"]

1. c4 e6 2. Nf3 d5 3. d4 c6 4. Qc2 f5 5. g3 Nf6 6. Bg2 Bd6 7. O-O O-O 8. b3 Qe7 
9. Bb2 b6 10. Nc3 Bb7 11. e3 Nbd7 12. Ne2 Rac8 13. Nf4 Ne4 14. Rfd1 Rfd8 
15. Rac1 Bb8 16. Ne5 Nxe5 17. dxe5 Ng5 18. c5 Ba6 19. Bd4 Re8 20. Qb2 Qb7 
21. f3 Bc7 22. Nh3 Nf7 23. f4 Bd8 24. Nf2 Be7 25. Bf1 Bxf1 26. Kxf1 Kh8 
27. Nd3 Rg8 28. Qe2 g5 29. Rc2 Rg6 30. Rdc1 Kg7 31. Nf2 b5 32. h3 gxf4 
33. gxf4 Kh8 34. Qh5 Rcg8 35. Ke2 Bd8 36. Rh1 Qe7 37. Kd3 Qh4 38. Qxh4 Bxh4 
39. Nd1 a5 40. Nc3 Rb8 41. Ne2 Kg8 42. Bc3 Nd8 43. Bxa5 Nb7 44. Bc7 Rc8 
45. Bd6 Kf7 46. Nd4 Bd8 47. b4 Ke8 48. a4 bxa4 49. Ra1 Rg3 50. Rxa4 Nxd6 
51. exd6 e5 52. fxe5 f4 53. Nf5 Rf3 54. Ra7 Rb8 55. Rg2 Kf8 56. e6 
1-0

[Event "34th Chess Olympiad (men)"]
[Site "Istanbul"]
[Date "2000.11.05"]
[Round "8.20.3"]
[White "Komliakov, Viktor"]
[Black "Barus, Cerdas"]
[WhiteElo "2453"]
[BlackElo "2435"]
[WhiteCountry "MDA"]
[BlackCountry "INA"]
[Result "1-0"]

1. e4 e5 2. Nf3 Nc6 3. Bc4 Bc5 4. c3 Nf6 5. d3 d6 6. Nbd2 a6 7. Bb3 O-O 
8. h3 Re8 9. O-O h6 10. Re1 Ba7 11. Nf1 Be6 12. Bc2 Ne7 13. Ng3 Ng6 14. d4 Bd7 
15. Be3 Bc6 16. Qd2 exd4 17. Bxd4 b5 18. Rad1 Bxd4 19. cxd4 Bb7 20. d5 Nd7 
21. a4 bxa4 22. Bxa4 Rb8 23. Nd4 Rf8 24. Bxd7 Qxd7 25. Nh5 Qd8 26. Nf5 Bc8 
27. Nhxg7 Bxf5 28. Nxf5 Qf6 29. Nxh6+ Kg7 30. Nf5+ Kg8 31. b4 Rb7 32. Nh6+ Kg7 
33. Ng4 Qf4 34. Qc3+ Ne5 35. g3 Qf3 36. Qa1 Qb3 37. Rb1 Qc4 38. Nxe5 dxe5 
39. Qxe5+ f6 40. Qe7+ Rf7 41. Qc5 Qa2 42. Qc3 Qa4 43. e5 Qb5 44. e6 Re7 45. Qd4 
1-0

[Event "34th Chess Olympiad (men)"]
[Site "Istanbul"]
[Date "2000.11.05"]
[Round "8.20.4"]
[White "Hamdani, Rudin"]
[Black "Khruschiov, Alexey"]
[WhiteElo "2385"]
[BlackElo "2381"]
[WhiteCountry "INA"]
[BlackCountry "MDA"]
[Result "1/2-1/2"]

1. e4 c5 2. Nf3 e6 3. d4 cxd4 4. Nxd4 Nf6 5. Bd3 Nc6 6. Nxc6 dxc6 7. O-O e5 
8. Nd2 Bd6 9. Nc4 Bc7 10. Qf3 Nd7 11. Qg3 O-O 12. f4 exf4 13. Bxf4 Bxf4 
14. Qxf4 Nc5 15. b3 Be6 16. Nd6 Qe7 17. Rad1 Rad8 18. Be2 b6 19. Bf3 f6 
20. Nf5 Bxf5 21. exf5 Rxd1 22. Rxd1 Nd7 23. Qc4+ Kh8 24. Qxc6 Qe3+ 25. Kf1 Ne5 
26. Qd6 Rg8 27. Qd2 Qc5 28. Be2 Qc8 29. g4 Qc6 30. Kf2 Qc5+ 31. Kg2 Qc6+ 
32. Kf2 Qc5+ 33. Kg2 Qc6+ 34. Kf2 
1/2-1/2

[Event "34th Chess Olympiad (men)"]
[Site "Istanbul"]
[Date "2000.11.05"]
[Round "8.21.2"]
[White "Magai, Vladimir"]
[Black "Spraggett, Kevin"]
[WhiteElo "2546"]
[BlackElo "2501"]
[WhiteCountry "KGZ"]
[BlackCountry "CAN"]
[Result "1/2-1/2"]

1. d4 f5 2. g3 Nf6 3. Bg2 d6 4. Nf3 g6 5. O-O Bg7 6. c4 O-O 7. Nc3 c6 
8. d5 cxd5 9. cxd5 Na6 10. Be3 Bd7 11. Bd4 Qa5 12. a3 Rfc8 13. e3 Qd8 
14. Rc1 Qe8 15. Ng5 Nc5 16. b4 h6 17. Ne6 Nxe6 18. dxe6 Bc6 19. Qb3 Bxg2 
20. Kxg2 Qc6+ 21. f3 Qc4 22. Qxc4 Rxc4 23. Bxf6 Bxf6 24. Nd5 Rac8 
25. Nxf6+ exf6 26. Rxc4 Rxc4 27. Rd1 Kf8 28. Rxd6 Rc7 29. Rd8+ Ke7 30. Rh8 Kxe6 
31. Rxh6 g5 32. g4 Rc2+ 33. Kg3 fxg4 34. fxg4 b5 35. Rh7 a6 36. Ra7 Rc6 
37. h4 gxh4+ 38. Kxh4 Kd5 39. Rd7+ Ke6 40. Ra7 Ke5 
1/2-1/2

[Event "34th Chess Olympiad (men)"]
[Site "Istanbul"]
[Date "2000.11.05"]
[Round "8.21.3"]
[White "Zugic, Igor"]
[Black "Yurtaev, Leonid"]
[WhiteElo "2399"]
[BlackElo "2552"]
[WhiteCountry "CAN"]
[BlackCountry "KGZ"]
[Result "1/2-1/2"]

1. d4 Nf6 2. Bg5 d6 3. Bxf6 exf6 4. e3 f5 5. g3 g6 6. Bg2 Nd7 7. Ne2 Bg7 
8. c4 O-O 9. Nbc3 Re8 10. O-O a5 11. a3 c6 12. b4 Nb6 13. c5 Nc4 14. Qc2 d5 
15. Na4 h5 16. Nb2 Nxb2 17. Qxb2 h4 18. Qd2 Bf6 19. f4 Kg7 20. Kf2 b6 
21. Rfc1 axb4 22. axb4 Ba6 23. Nc3 bxc5 24. bxc5 Rh8 25. Na4 hxg3+ 26. hxg3 Bh4 
27. Rh1 Bb5 28. gxh4 
1/2-1/2

[Event "34th Chess Olympiad (men)"]
[Site "Istanbul"]
[Date "2000.11.05"]
[Round "8.22.1"]
[White "Fedorov, Alexei"]
[Black "Miezis, Normunds"]
[WhiteElo "2646"]
[BlackElo "2518"]
[WhiteCountry "BLR"]
[BlackCountry "LAT"]
[Result "0-1"]

1. e4 c5 2. Nf3 e6 3. Nc3 a6 4. d4 cxd4 5. Nxd4 Qc7 6. Bd3 Nc6 7. Be3 Nf6 
8. O-O Nxd4 9. Bxd4 Bc5 10. Bxf6 gxf6 11. Qg4 Kf8 12. Kh1 h5 13. Qh4 Be7 
14. f4 b5 15. f5 Qe5 16. Rae1 Bb7 17. Nd1 Kg7 18. Rf3 Rag8 19. c3 Kf8 
20. Ne3 Rg5 21. Re2 Rhg8 22. Bc2 Bc5 23. Nf1 d5 24. Ng3 Rg4 25. Qxh5 dxe4 
26. Rf1 e3 27. Qh6+ Ke7 28. Rfe1 Rxg3 29. hxg3 Qxg3 30. Qh2 Rh8 31. Qh3 Rh5 
32. Qxh5 Bxg2+ 33. Kg1 Bd5+ 34. Kf1 Bc4 35. Qh8 
0-1

[Event "34th Chess Olympiad (men)"]
[Site "Istanbul"]
[Date "2000.11.05"]
[Round "8.22.2"]
[White "Krakops, Maris"]
[Black "Kovalev, Andrei"]
[WhiteElo "2522"]
[BlackElo "2537"]
[WhiteCountry "LAT"]
[BlackCountry "BLR"]
[Result "1-0"]

1. e4 c5 2. Nf3 d6 3. d4 cxd4 4. Nxd4 Nf6 5. Nc3 Nc6 6. Bg5 a6 7. Qd2 Qb6 
8. Nb3 e6 9. Bxf6 gxf6 10. Be2 Qc7 11. a4 Na5 12. Nxa5 Qxa5 13. O-O h5 
14. Kh1 Bd7 15. f4 Rc8 16. Qd4 Be7 17. b4 Qc7 18. Ra3 a5 19. Rb3 axb4 
20. Qxb4 h4 21. h3 Rg8 22. f5 d5 23. Qd4 Qg3 24. Bf3 Bc5 25. Qd3 Bd6 
26. Kg1 Qxh3 27. Kf2 Qg3+ 28. Ke2 Qe5 29. fxe6 fxe6 30. Kd2 Rc4 31. Kc1 Rd4 
32. Qe2 Qg5+ 33. Kb1 Rd2 34. Qe1 d4 35. e5 dxc3 36. exd6 Rxd6 37. Qxc3 b6 
38. Qb4 Ke7 39. Rd1 Qc5 40. Rxd6 Qxd6 41. Qxh4 Rg7 42. Qh6 Rf7 43. Qe3 f5 
44. Rxb6 f4 45. Qf2 Qa3 46. Rb3 Qd6 47. Qh4+ Kf8 48. Qd8+ Kg7 49. Qg5+ Kh8 
50. Rb7 Be8 51. Rb2 Rh7 52. Qf6+ Kg8 53. Be4 Rh1+ 54. Ka2 Re1 55. Rb7 
1-0

[Event "34th Chess Olympiad (men)"]
[Site "Istanbul"]
[Date "2000.11.05"]
[Round "8.22.3"]
[White "Dydyshko, Viacheslav"]
[Black "Klovans, Janis"]
[WhiteElo "2525"]
[BlackElo "2481"]
[WhiteCountry "BLR"]
[BlackCountry "LAT"]
[Result "1/2-1/2"]

1. d4 Nf6 2. c4 e6 3. Nc3 d5 4. Bg5 Be7 5. Nf3 O-O 6. e3 h6 7. Bh4 b6 
8. Be2 Bb7 9. Bxf6 Bxf6 10. cxd5 exd5 11. O-O Nd7 12. Qb3 c6 13. Rfd1 Re8 
14. Bf1 Nf8 15. Rac1 Ne6 16. a3 Rc8 17. g3 
1/2-1/2

[Event "34th Chess Olympiad (men)"]
[Site "Istanbul"]
[Date "2000.11.05"]
[Round "8.22.4"]
[White "Meijers, Viesturs"]
[Black "Azarov, Sergei"]
[WhiteElo "2478"]
[BlackElo "2420"]
[WhiteCountry "LAT"]
[BlackCountry "BLR"]
[Result "1/2-1/2"]

1. e4 e5 2. Nf3 Nc6 3. Bb5 a6 4. Bxc6 dxc6 5. O-O f6 6. d4 exd4 7. Nxd4 c5 
8. Nb3 Qxd1 9. Rxd1 Bg4 10. f3 Bd7 11. Be3 b6 12. Nc3 O-O-O 13. a4 c4 
14. Nd2 Be6 15. f4 Bb4 16. f5 Bf7 17. g4 Re8 18. Re1 Ne7 19. Nf3 Nc6 
20. Bf4 Re7 21. Re2 Rhe8 22. Rae1 g6 23. Kf2 Bc5+ 24. Be3 Bb4 25. Bf4 Bc5+ 
26. Be3 Bb4 
1/2-1/2

[Event "34th Chess Olympiad (men)"]
[Site "Istanbul"]
[Date "2000.11.05"]
[Round "8.23.1"]
[White "Rohl, Juan"]
[Black "Rowson, Jonathan"]
[WhiteElo "2350"]
[BlackElo "2494"]
[WhiteCountry "VEN"]
[BlackCountry "SCO"]
[Result "1/2-1/2"]

1. e4 c5 2. c3 d5 3. exd5 Qxd5 4. d4 Nf6 5. Nf3 Bg4 6. Qa4+ Bd7 7. Qb3 cxd4 
8. Bc4 Qe4+ 9. Kf1 e6 10. Nbd2 Qc6 11. Nxd4 Qc7 12. N2f3 a6 13. Ng5 b5 
14. Bxe6 fxe6 15. Ndxe6 Bxe6 16. Qxe6+ Be7 17. Qf7+ Kd7 18. Qe6+ Ke8 
1/2-1/2

[Event "34th Chess Olympiad (men)"]
[Site "Istanbul"]
[Date "2000.11.05"]
[Round "8.23.2"]
[White "Mcnab, Colin A"]
[Black "Alvarez, Johan"]
[WhiteElo "2416"]
[BlackElo "2317"]
[WhiteCountry "SCO"]
[BlackCountry "VEN"]
[Result "1/2-1/2"]

1. c4 Nf6 2. Nf3 g6 3. g3 Bg7 4. Bg2 O-O 5. O-O d6 6. d4 Nc6 7. Nc3 Bg4 
8. d5 Na5 9. Qd3 c5 10. h3 Bd7 11. Nd2 a6 12. Rb1 Qc8 13. Kh2 b5 14. b3 Rb8 
15. Bb2 Qc7 16. Ba1 bxc4 17. bxc4 Rb4 18. e4 Rfb8 19. Rbe1 e5 20. f4 Ne8 
21. Rf2 h5 22. Bf1 h4 23. f5 Qd8 
1/2-1/2

[Event "34th Chess Olympiad (men)"]
[Site "Istanbul"]
[Date "2000.11.05"]
[Round "8.23.3"]
[White "Sequera, Jose"]
[Black "Shaw, John"]
[WhiteElo "2357"]
[BlackElo "2435"]
[WhiteCountry "VEN"]
[BlackCountry "SCO"]
[Result "1/2-1/2"]

1. e4 c5 2. c3 e6 3. d4 d5 4. exd5 exd5 5. Nf3 Bd6 6. dxc5 Bxc5 7. Be2 Nf6 
8. O-O O-O 9. Bg5 Be6 10. Nbd2 h6 11. Bh4 g5 12. Bg3 Ne4 13. Nb3 Bb6 
14. Nfd4 Nc6 15. Bd3 Qf6 16. Bc2 Rac8 17. Qd3 Nxd4 18. Nxd4 Bxd4 19. cxd4 Bf5 
20. Be5 Qc6 21. Bb3 f6 22. Bg3 Kg7 23. Qe3 a5 24. Rac1 Qd7 25. Rxc8 Rxc8 
26. Rc1 Rxc1+ 27. Qxc1 a4 28. Bd1 Nxg3 29. hxg3 Bd3 30. Qe3 Bc4 31. a3 b5 
32. Bc2 Kf8 33. Qf3 Qe6 34. Qh5 Qe1+ 35. Kh2 Qxf2 36. Qxh6+ Ke7 37. Qh7+ Ke6 
38. Qg8+ Ke7 39. Bg6 Qxd4 40. Be8 Qe5 41. Qf7+ Kd6 42. Qd7+ Kc5 43. Qa7+ 
1/2-1/2

[Event "34th Chess Olympiad (men)"]
[Site "Istanbul"]
[Date "2000.11.05"]
[Round "8.23.4"]
[White "Bryson, Douglas M"]
[Black "Gallegos, Carlos"]
[WhiteElo "2370"]
[BlackElo "2000"]
[WhiteCountry "SCO"]
[BlackCountry "VEN"]
[Result "1/2-1/2"]

1. e4 e6 2. d4 d5 3. Nc3 Nf6 4. e5 Nfd7 5. f4 c5 6. Nf3 Nc6 7. Be3 Qb6 
8. Na4 Qa5+ 9. c3 c4 10. b4 Qc7 11. Be2 a5 12. b5 Ne7 13. O-O Nf5 14. Bf2 h5 
15. g3 Be7 16. Qd2 b6 17. h3 Nf8 18. g4 hxg4 19. hxg4 Nh6 20. Ne1 Bd7 
21. Rb1 f5 22. g5 Nf7 23. Bf3 Ng6 24. Bg3 O-O-O 25. Bg2 Nh4 26. Bh1 Rh5 
27. Nf3 Ng6 28. Bg2 Rdh8 29. Kf2 Kb7 30. Ke2 Qd8 31. Rh1 Rxh1 32. Bxh1 Qg8 
33. Bg2 Qh7 34. Rh1 Qg8 35. Rb1 Qh7 36. Rh1 Qg8 37. Rb1 
1/2-1/2

[Event "34th Chess Olympiad (men)"]
[Site "Istanbul"]
[Date "2000.11.05"]
[Round "8.24.1"]
[White "Annageldyev, Orazly"]
[Black "Espinosa, Rafael"]
[WhiteElo "2491"]
[BlackElo "2406"]
[WhiteCountry "TKM"]
[BlackCountry "MEX"]
[Result "1-0"]

1. d4 Nf6 2. Bg5 c5 3. Bxf6 gxf6 4. d5 Qb6 5. Qc1 d6 6. c4 f5 7. Nc3 Bg7 
8. e3 Nd7 9. Nge2 Nf6 10. Ng3 Ne4 11. Bd3 Nxc3 12. bxc3 Qa5 13. O-O Qxc3 
14. Qxc3 Bxc3 15. Rac1 Bf6 16. Bxf5 Bxf5 17. Nxf5 Kd7 18. Rb1 Rhb8 19. Rfd1 a6 
20. Rb6 Bc3 21. Rb3 Bb4 22. a3 Ba5 23. Rdb1 b5 24. e4 Bd2 25. Kf1 e6 
26. Ng3 Ba5 27. Ne2 Bc7 28. cxb5 Rxb5 29. Nc3 Rxb3 30. Rxb3 Rb8 31. Rxb8 Bxb8 
32. Na4 Bc7 33. Nb2 f5 34. f3 fxe4 35. fxe4 Bd8 36. Nc4 exd5 37. exd5 Bf6 
38. Ke2 Bd4 39. Kf3 Ke7 40. Ke4 Bg1 41. h3 Bh2 42. Kf5 Bg3 43. Kg4 Bh2 
44. Kg5 Bg3 45. Kf5 h5 46. h4 Bxh4 47. Kg6 Bg3 48. Kxh5 Kf6 49. Kg4 Be1 
50. Kf4 Bc3 51. Ke4 Ke7 52. Kf5 Be1 53. g4 Bg3 54. Kg6 Bh2 55. g5 Bf4 
56. a4 Kf8 57. Kf5 Bg3 58. Kf6 Kg8 59. a5 Kf8 60. Ke6 Kg7 61. Kd7 Kg6 
62. Kc6 Kxg5 63. Kb6 Kf5 64. Kxa6 Be1 65. Kb5 Bxa5 66. Nxa5 Ke4 67. Kc6 
1-0

[Event "34th Chess Olympiad (men)"]
[Site "Istanbul"]
[Date "2000.11.05"]
[Round "8.24.2"]
[White "Gonzalez, Garcia Jose"]
[Black "Ovezov, Artek"]
[WhiteElo "2440"]
[BlackElo "2366"]
[WhiteCountry "MEX"]
[BlackCountry "TKM"]
[Result "1-0"]

1. d4 d5 2. c4 e6 3. Nc3 Nf6 4. Bg5 Nbd7 5. e3 c6 6. Nf3 Qa5 7. Nd2 dxc4 
8. Bxf6 Nxf6 9. Nxc4 Qc7 10. Rc1 Be7 11. Be2 O-O 12. O-O Rd8 13. Qc2 Bd7 
14. Bf3 Rac8 15. Qb3 Be8 16. Rfd1 b6 17. e4 b5 18. Ne3 b4 19. Ne2 e5 
20. Nc4 exd4 21. Nxd4 Bc5 22. Nf5 g6 23. e5 gxf5 24. exf6 Qf4 25. g3 Qg5 
26. Ne5 Bd4 27. Nxc6 Bxc6 28. Rxc6 Rxc6 29. Bxc6 Qxf6 30. Bd5 Kg7 31. Qc4 Bxb2 
32. Qxb4 Be5 33. Kg2 f4 34. Qe4 Qg5 35. Re1 f6 36. Rb1 Rd7 37. Be6 Re7 
38. h4 Qh5 39. g4 Qe8 40. Bf5 Bc7 41. Qf3 Qa4 42. h5 Kh6 43. Rc1 Bd6 
44. Rc6 Qd4 45. Rc3 Be5 46. Rd3 Qc4 47. Rd8 Qxa2 48. g5+ Kxg5 49. Qg4+ Kh6 
50. Bxh7 Rg7 51. Bg6 Rg8 52. Rd7 Rh8 53. Bh7 
1-0

[Event "34th Chess Olympiad (men)"]
[Site "Istanbul"]
[Date "2000.11.05"]
[Round "8.24.3"]
[White "Grigoryan, Karen"]
[Black "Estrada, Nieto Julian"]
[WhiteElo "2399"]
[BlackElo "2397"]
[WhiteCountry "TKM"]
[BlackCountry "MEX"]
[Result "1/2-1/2"]

1. d4 d5 2. c4 dxc4 3. Nf3 c5 4. e3 cxd4 5. exd4 Be6 6. Na3 Nf6 7. Nxc4 Bd5 
8. Nce5 g6 9. Bb5+ Nbd7 10. O-O a6 11. Ba4 Bg7 12. Re1 O-O 13. Bg5 Nb6 
14. Bb3 Rc8 15. h3 Rc7 16. Qd3 Nc8 17. Rac1 Rxc1 18. Rxc1 Na7 19. Rc5 Bxb3 
20. Qxb3 Nb5 21. Bxf6 Bxf6 22. Rd5 Nd6 23. Qa4 Qc8 24. Nd7 Rd8 25. Nxf6+ exf6 
26. Qb3 Qc1+ 27. Kh2 Qc7 28. g3 Re8 29. Rc5 Qe7 30. Rc1 Kg7 31. Re1 Qd7 
32. Rxe8 Qxe8 33. Kg1 Qe4 34. Qd1 Qd5 35. b3 Nb5 36. Qd3 Nd6 37. Ne1 Qe6 
38. Qf1 Qe4 39. Nd3 Qxd4 40. Nf4 Qd2 41. Qb1 Qd4 42. Qc2 Ne4 43. Kg2 b5 
44. a3 a5 45. h4 Nc5 46. Qe2 b4 47. axb4 axb4 48. Qf3 Qc3 49. Nd5 Qd4 
50. h5 Nd3 51. Qxf6+ Qxf6 52. h6+ Kxh6 53. Nxf6 Nc5 54. Nd5 Nxb3 55. Nxb4 Nd4 
56. Nd3 Kg5 57. Nf4 h5 58. Nh3+ Kf5 59. Nf4 Ke4 60. Nh3 Kf5 61. Nf4 Ke4 
62. Nh3 Ne6 63. Ng1 Nd4 64. Nh3 Ne6 65. Ng1 g5 66. Ne2 g4 67. Nc3+ Kf5 
68. f3 Nd4 69. fxg4+ hxg4 70. Kf2 Ke5 71. Kg2 f5 72. Kf2 Ne6 73. Ke3 Ng5 
74. Ne2 Ne4 75. Kd3 Nc5+ 76. Ke3 Ne4 77. Kd3 Ng5 78. Ke3 Ne6 79. Nc1 Nc5 
80. Ne2 Ne4 
1/2-1/2

[Event "34th Chess Olympiad (men)"]
[Site "Istanbul"]
[Date "2000.11.05"]
[Round "8.24.4"]
[White "Villarreal, Jose"]
[Black "Odeev, Handszar"]
[WhiteElo "2365"]
[BlackElo "2442"]
[WhiteCountry "MEX"]
[BlackCountry "TKM"]
[Result "1/2-1/2"]

1. e4 c5 2. Nc3 d6 3. f4 a6 4. a4 Nc6 5. Nf3 Bg4 6. Be2 g6 7. O-O Bg7 8. d3 e6 
9. Qe1 Bxf3 10. Bxf3 Nd4 11. Bd1 Ne7 12. Ne2 O-O 13. c3 Nxe2+ 14. Qxe2 b5 
15. Qc2 Qb6 16. Kh1 b4 17. Bd2 a5 18. Rb1 Rab8 19. c4 Nc6 20. b3 Nd4 21. Qc1 f5 
22. Be3 Rb7 23. Bf3 Rbf7 24. Bxd4 Bxd4 25. exf5 Rxf5 26. Qe1 R5f6 27. Qe4 Kh8 
28. g3 Qc7 29. Rbe1 Qg7 30. Bg2 Qh6 31. Rf3 e5 32. Ref1 exf4 33. gxf4 Rf5 
34. Rh3 Qg7 35. Rhf3 R5f7 36. f5 gxf5 37. Rxf5 Rxf5 38. Rxf5 Rg8 39. Rh5 Qf7 
40. Qf5 Qe7 41. Qe4 Qf7 42. Qf5 Qg7 43. Qe4 Bf2 44. d4 cxd4 45. h4 Be3 
46. Rxa5 d3 47. Ra8 d2 48. Rxg8+ Qxg8 49. Qf3 Qd8 50. Bh3 Kg7 51. Qg4+ Kh8 
52. Qf3 Kg7 53. Qg4+ Kh8 54. Qf3 Kg7 55. Qg4+ 
1/2-1/2